Statistics for 2021 MLB Award Winners

Click here to take the quiz!

General Stats

  • This quiz has been taken 82 times
  • The average score is 41 of 53

Answer Stats

AwardTeamPlayer% Correct
Silver SluggerPHIBryce Harper
100%
Hank Aaron AwardPHIBryce Harper
100%
MVPPHIBryce Harper
100%
MVPLAAShohei Ohtani
100%
Silver SluggerLAAShohei Ohtani
100%
Silver SluggerKCSalvador Perez
98%
Cy Young AwardMILCorbin Burnes
97%
Silver SluggerTORVladimir Guerrero Jr.
97%
Hank Aaron AwardTORVladimir Guerrero Jr.
97%
All-Star Game MVPTORVladimir Guerrero Jr.
97%
ROTYCINJonathan India
93%
Cy Young AwardTORRobbie Ray
93%
Silver SluggerNYYAaron Judge
92%
Gold GloveOAKMatt Chapman
92%
Silver SluggerBOSRafael Devers
92%
Silver SluggerATLFreddie Freeman
90%
World Series MVPATLJorge Soler
89%
Relief Man AwardMILJosh Hader
89%
Relief Man AwardCHWLiam Hendriks
89%
ROTYTBRandy Arozarena
89%
Silver SluggerWASJuan Soto
87%
Gold GloveSTLNolan Arenado
87%
Silver SluggerATLOzzie Albies
84%
Gold GloveSTLPaul Goldschmidt
84%
Silver SluggerSFBuster Posey
82%
Comeback Player OTYSFBuster Posey
82%
Gold GloveHOUCarlos Correa
82%
Silver SluggerSDFernando Tatis Jr.
80%
ALCS MVPHOUYordan Alvarez
79%
Silver SluggerATLAustin Riley
77%
Gold GloveSFBrandon Crawford
77%
Silver SluggerBALCedric Mullins
77%
Silver SluggerBOSXander Bogaerts
77%
Roberto Clemente AwardMIN/TBNelson Cruz
74%
Comeback Player OTYBALTrey Mancini
74%
Silver SluggerTORTeoscar Hernandez
70%
Gold GloveHOUYuli Gurriel
70%
Gold GloveTEX/NYYJoey Gallo
69%
Gold GloveTORMarcus Semien
69%
Silver SluggerTORMarcus Semien
69%
Gold GloveOAKSean Murphy
67%
Gold GloveSTLTommy Edman
67%
Gold GloveMIA/ATLAdam Duvall
61%
Gold GloveATLMax Fried
59%
Silver SluggerATLMax Fried
59%
NLCS MVPATLEddie Rosario
57%
Gold GloveSTLHarrison Bader
57%
Silver SluggerCINNick Castellanos
52%
Gold GloveSTLTyler O'Neill
49%
Gold GlovePITJacob Stallings
43%
Gold GloveKCMichael Taylor
38%
Gold GloveKCAndrew Benintendi
36%
Gold GloveCHWDallas Keuchel
25%

Score Distribution

Percentile by Number Answered

Percent of People with Each Score

Your Score History

You have not taken this quiz